skbl

Dr Suryya Kumar Bhuyan Library Web-OPAC
ডঃ সূৰ্য্য
কুমাৰ ভূঞা পুথিভঁৰাল ৱেব-অ'পেক

All Research Scholars are advised to clear the annual library fees to continue using Library Resources, Remote Access, Plagiarism Test and Library Clearance.

Cotton University Book Fair 2026

Banabhattar Atmakatha / (Record no. 16343)

MARC details
000 -LEADER
fixed length control field 00584nam a2200205Ia 4500
001 - CONTROL NUMBER
control field 16361
008 - FIXED-LENGTH DATA ELEMENTS--GENERAL INFORMATION
fixed length control field 170211s1958 ii a g b000 u asm u
082 ## - DEWEY DECIMAL CLASSIFICATION NUMBER
Classification number 891.413
100 ## - MAIN ENTRY--PERSONAL NAME
Personal name Bhattacharya, Chakreswar .,
Relator term Author.,
245 #0 - TITLE STATEMENT
Title Banabhattar Atmakatha /
Statement of responsibility, etc. Chakreswar Bhattacharya.
Medium Textual Documents
250 ## - EDITION STATEMENT
Edition statement 1st ed. /
260 ## - PUBLICATION, DISTRIBUTION, ETC.
Place of publication, distribution, etc. New Delhi :
Name of publisher, distributor, etc. Sahitya Academy ,
Date of publication, distribution, etc. 1958.
300 ## - PHYSICAL DESCRIPTION
Extent 320p. :
Other physical details ill ;
Dimensions 22cm .
653 ## - INDEX TERM--UNCONTROLLED
Uncontrolled term Assamese
653 ## - INDEX TERM--UNCONTROLLED
Uncontrolled term G-Assamese
653 ## - INDEX TERM--UNCONTROLLED
Uncontrolled term Assamese Novel
653 ## - INDEX TERM--UNCONTROLLED
Uncontrolled term T/G-Assamese
700 ## - ADDED ENTRY--PERSONAL NAME
Personal name Dwivedi, Hazariprasad .
942 ## - ADDED ENTRY ELEMENTS (KOHA)
Source of classification or shelving scheme Dewey Decimal Classification
Koha item type Books
Holdings
Withdrawn status Lost status Damaged status Not for loan Collection Home library Current library Shelving location Date acquired Coded location qualifier Total checkouts Full call number Barcode Date last seen Copy number Price effective from Koha item type
          Dr. Suryya Kumar Bhuyan Library Dr. Suryya Kumar Bhuyan Library   01/02/2012 00000   891.413 Bh 469 Ba 4474/As 13/01/2024 2 01/02/2012 Books
          Dr. Suryya Kumar Bhuyan Library Dr. Suryya Kumar Bhuyan Library   01/02/2012 00000   891.413 Bh 469 Ba 2276/As 13/01/2024 4 01/02/2012 Books
          Dr. Suryya Kumar Bhuyan Library Dr. Suryya Kumar Bhuyan Library   01/02/2012 00000   891.413 Bh 469 Ba 2277/As 13/01/2024 3 01/02/2012 Books
          Dr. Suryya Kumar Bhuyan Library Dr. Suryya Kumar Bhuyan Library   01/02/2012 00000   891.413 Bh 469 Ba 3973/As 13/01/2024 1 01/02/2012 Books

Designed and Maintained by Team SKBL
©1901-2026

Powered by Koha